Fundamentals of Signals and Systems (Record no. 3269)
[ view plain ]
| 000 -LEADER | |
|---|---|
| fixed length control field | 00342nam a2200133Ia 4500 |
| 008 - FIXED-LENGTH DATA ELEMENTS--GENERAL INFORMATION | |
| fixed length control field | 191201s2007 xx 000 0 und d |
| 082 ## - DEWEY DECIMAL CLASSIFICATION NUMBER | |
| Classification number | 621.38043 |
| Item number | ROF |
| 100 ## - MAIN ENTRY--PERSONAL NAME | |
| Personal name | ROBERTS, Michall |
| 245 #0 - TITLE STATEMENT | |
| Title | Fundamentals of Signals and Systems |
| 260 ## - PUBLICATION, DISTRIBUTION, ETC. (IMPRINT) | |
| Place of publication, distribution, etc | N.Delhi |
| Name of publisher, distributor, etc | Tata Mc Graw Hill |
| Date of publication, distribution, etc | 2007 |
| 300 ## - PHYSICAL DESCRIPTION | |
| Extent | 761 |
| 650 ## - SUBJECT ADDED ENTRY--TOPICAL TERM | |
| Topical term or geographic name as entry element | B.Tech(IT) |
| 942 ## - ADDED ENTRY ELEMENTS (KOHA) | |
| Source of classification or shelving scheme | Dewey Decimal Classification |
| Koha item type | Text Books |
| Withdrawn status | Lost status | Source of classification or shelving scheme | Damaged status | Not for loan | Collection code | Home library | Current library | Date acquired | Source of acquisition | Cost, normal purchase price | Bill Number | Total Checkouts | Full call number | Acc. no. / Barcode | Date last seen | Date last borrowed | Bill Date | Koha item type |
|---|---|---|---|---|---|---|---|---|---|---|---|---|---|---|---|---|---|---|
| Dewey Decimal Classification | B.Tech(ECE) | PIET C-LIBRARY | PIET C-LIBRARY | 26/08/2007 | UDH, Delhi | 299.00 | 949 | 1 | 621.38043 ROF | 8132 | 25/10/2021 | 11/10/2021 | 07/09/2007 | Text Books | ||||
| Dewey Decimal Classification | B.Tech(ECE) | PIET C-LIBRARY | PIET C-LIBRARY | 26/08/2007 | UDH, Delhi | 299.00 | 949 | 1 | 621.38043 ROF | 8133 | 05/10/2021 | 20/09/2021 | 07/09/2007 | Text Books | ||||
| Dewey Decimal Classification | B.Tech(ECE) | PIET C-LIBRARY | PIET C-LIBRARY | 26/08/2007 | UDH, Delhi | 299.00 | 949 | 1 | 621.38043 ROF | 8134 | 15/02/2021 | 04/02/2021 | 07/09/2007 | Text Books | ||||
| Dewey Decimal Classification | B.Tech(ECE) | PIET C-LIBRARY | PIET C-LIBRARY | 26/08/2007 | UDH, Delhi | 299.00 | 949 | 621.38043 ROF | 8135 | 04/12/2019 | 07/09/2007 | Text Books | ||||||
| Dewey Decimal Classification | B.Tech(ECE) | PIET C-LIBRARY | PIET C-LIBRARY | 26/08/2007 | UDH, Delhi | 299.00 | 949 | 621.38043 ROF | 8136 | 04/12/2019 | 07/09/2007 | Text Books |